La idea de los derechos humanos
Αποθηκεύτηκε σε:
| Κύριος συγγραφέας: | |
|---|---|
| Μορφή: | Βιβλίο |
| Γλώσσα: | Ισπανικά |
| Έκδοση: |
Madrid
Marcial Pons
2012
|
| Έκδοση: | 1a. ed |
| Σειρά: | Filosofía y Derecho
|
| Θέματα: | |
| Ετικέτες: |
Προσθήκη ετικέτας
Δεν υπάρχουν, Καταχωρήστε ετικέτα πρώτοι!
|
MARC
| LEADER | 00000cam a2200000 a 4500 | ||
|---|---|---|---|
| 001 | UCE0834 | ||
| 003 | CL-VaPUC | ||
| 008 | 140307e20120000sp |||||||||||||||||spa|d | ||
| 020 | |a 9788497689830 | ||
| 082 | 0 | 4 | |a 323.4 |b BEI |2 21 |
| 100 | 0 | |a Beitz, Charles R |e author |9 573208 | |
| 245 | 1 | 3 | |a La idea de los derechos humanos |
| 250 | |a 1a. ed | ||
| 300 | |a 264 p | ||
| 942 | |c BK | ||
| 945 | |d 20140307 11:03:00 |a dcastane | ||
| 260 | |a Madrid |b Marcial Pons |c 2012 | ||
| 650 | 0 | |a Derechos humanos |9 223025 | |
| 650 | 0 | |a Derechos fundamentales |9 254841 | |
| 650 | 0 | |a Filosofía del derecho |9 255050 | |
| 583 | |a last modification |c 20140307 11:03:00 |k Rodrigo Vera | ||
| 490 | 0 | |a Filosofía y Derecho | |
| 999 | |c 354850 |d 354848 | ||
| 952 | |0 0 |1 0 |3 erb |4 0 |6 323_400000000000000_BEI_2012 |7 0 |8 A |9 461056 |a BIBDER |b BIBDER |i 5060613 |o 323.4 BEI 2012 |p 5060613 |r 2023-01-25 |w 2019-11-23 |y BK |z Catalogado en:20140307 |k DER | ||